01138ntm a2200253 a 450000100060000000300080000600500170001400800410003103500190007204000350009104100080012608200270013410000340016124501530019526000720034830000380042050200750045850400350053365000690056870000490063794200130068699900170069995201680071637369BD-RjUL20211209052613.0141205s2013 bg ||||| m||| 00| 0 eng d a(BD-RjUL)37472 aBD-RjULbengcBD-RjULdBD-RjUL aeng 221a333.7314bSAI 2013 aSarder, Md. Emran Ali9114551 aImpact of the stress of Land use change on Water resources:ba case of Barind Region /cby Md. Emran Ali Sarder ;6Research Supervisor: Raquib Ahmed aRajshahi:bDept. of Geography and Environmental studies, R.U.c2013 a[16], 161 leaves :bIll. ;c29cm. aThesis (M. Phil.)--Dept. of Geography and Environmental studies, 2013. aBibliography: Leaves [145]-156 aLand UsexEnvironment aspectszBangladeshzBarind Region9114552 a Ahmed, Raquib, Research Supervisor 9114553 2ddccTHE c37369d37369 00102ddc40718NFICaRUCLbRUCLcDoc/Thed2014-09-25eController of Examination, R. U.g0.00l0oTHE 333.7314 SAI 2013r2014-12-05 00:00:00tC-1w2021-12-09yTHE